000 00377nam a22001577a 4500
003 OSt
008 240409b |||||||| |||| 00| 0 eng d
020 _a9789381839614
100 _aDEBASISH,Sathya Swaroop
245 _aFinancial Services in India
250 _a1st Ed
260 _aNew Delhi
_bAvon
_c2015
300 _a229
700 _aMALLICK,Nabaghan
942 _2ddc
_cREF
999 _c12419
_d12419